Add a Letter - Make a Country #2 - Statistics

General Stats
  • This quiz has been taken 466 times
    458 since last reset
  • The average score is 14 of 20
Answer Stats
Word Letter Country % Correct
Brail Z Brazil
96%
Syrup C Cyprus
94%
Radon J Jordan
94%
Yank E Kenya
92%
Plan E Nepal
86%
Vault U Tuvalu
84%
Manger Y Germany
82%
Dense W Sweden
80%
Hadrons U Honduras
75%
Brine U Brunei
74%
Award N Rwanda
73%
Native M Vietnam
73%
Eagles N Senegal
67%
Looming A Mongolia
64%
Marine A Armenia
61%
Salami O Somalia
60%
Pinatas K Pakistan
52%
Rained L Ireland
50%
Mislead V Maldives
43%
Satine O Estonia
40%
No matching quizzes found
Score Distribution
Percent of People with Each Score
Percentile by Number Answered
Your Score History
You have not taken this quiz since the last reset